| 000 | 01143cam a22002054a 4500 | ||
|---|---|---|---|
| 005 | 20250605164103.0 | ||
| 008 | 250528s ||||||||||||||||||||||||d | ||
| 035 | _a17617 | ||
| 020 | _a9789608288546 | ||
| 040 |
_aGR-AtMCL _bgre _dGR-AtMCL _eAACR2 |
||
| 245 | 1 | _aΤο Παιχνίδι: Πρωτότυπο Διαθεματικό Σχεδίασμα / Αναζητώντας την Άλλη "Γλώσσα" στην Εκπαίδευση | |
| 260 |
_bΩρίων, _c2008 |
||
| 300 | _a112 | ||
| 520 | _aΤο παιχνίδι-αντικείμενο προγεγγίζεται διαθεματικά και ολόπλευρα. Εισαγωγή, Προσεγγίζοντας το Παιχνίδι Ευέλικτα και Διαθεματικά, Σχεδιασμός Διαθεματικών Σχεδίων Εργασίας, Διαθεματικά Στάδια, Δραστηριότητες, Χρηστική Πληροφόρηση, Υποδείγματα, Πηγές. | ||
| 700 | 1 |
_aΚαμπύλης Παναγιώτης Γ _93800 |
|
| 700 | 1 |
_aΣπετσιώτης Γιάννης Μ _93801 |
|
| 942 | _cBK | ||
| 999 |
_c3020 _d3020 |
||